<?xml version="1.0" encoding="UTF-8"?>
<marc:record xmlns:marc="http://www.loc.gov/MARC21/slim">
   <marc:leader>00000nam a2200000 a 4500</marc:leader>
   <marc:datafield ind1="1" ind2=" " tag="100">
      <marc:subfield code="a">Kaltenbrunner, Matthias</marc:subfield>
      <marc:subfield code="4">aut</marc:subfield>
      <marc:subfield code="e">Verfasser/-in</marc:subfield>
   </marc:datafield>
   <marc:datafield ind1=" " ind2=" " tag="653">
      <marc:subfield code="a">Geschichte</marc:subfield>
   </marc:datafield>
   <marc:datafield ind1=" " ind2=" " tag="653">
      <marc:subfield code="a">Russischer Kriegsgefangener</marc:subfield>
   </marc:datafield>
   <marc:datafield ind1=" " ind2=" " tag="653">
      <marc:subfield code="a">Flucht</marc:subfield>
   </marc:datafield>
   <marc:datafield ind1=" " ind2=" " tag="653">
      <marc:subfield code="a">Mühlviertler Hasenjagd</marc:subfield>
   </marc:datafield>
   <marc:datafield ind1=" " ind2=" " tag="653">
      <marc:subfield code="a">Holocaust</marc:subfield>
   </marc:datafield>
   <marc:datafield ind1=" " ind2=" " tag="653">
      <marc:subfield code="a">KZ Mauthausen</marc:subfield>
   </marc:datafield>
   <marc:datafield ind1=" " ind2=" " tag="653">
      <marc:subfield code="a">Sowjetische Offiziere</marc:subfield>
   </marc:datafield>
   <marc:datafield ind1=" " ind2=" " tag="653">
      <marc:subfield code="a">"Aktion Kugel"</marc:subfield>
   </marc:datafield>
   <marc:datafield ind1=" " ind2=" " tag="653">
      <marc:subfield code="a">Softcover / Geschichte/20. Jahrhundert (bis 1945)</marc:subfield>
   </marc:datafield>
   <marc:datafield ind1="0" ind2="0" tag="245">
      <marc:subfield code="a">Flucht aus dem Todesblock</marc:subfield>
   </marc:datafield>
   <marc:datafield ind1="0" ind2="0" tag="245">
      <marc:subfield code="b">der Massenausbruch sowjetischer Offiziere aus dem Block 20 des KZ-Mauthausen und die "Mühlviertler Hasenjagd" ; Hintergründe, Folgen, Aufarbeitung</marc:subfield>
   </marc:datafield>
   <marc:datafield ind1="0" ind2="0" tag="245">
      <marc:subfield code="c">Matthias Kaltenbrunner</marc:subfield>
   </marc:datafield>
   <marc:datafield ind1=" " ind2="1" tag="264">
      <marc:subfield code="a">Innsbruck</marc:subfield>
      <marc:subfield code="b">StudienVerl.</marc:subfield>
      <marc:subfield code="c">2012</marc:subfield>
   </marc:datafield>
   <marc:datafield ind1="1" ind2=" " tag="490">
      <marc:subfield code="a">Der  Nationalsozialismus und seine Folgen</marc:subfield>
      <marc:subfield code="v">Bd. 5</marc:subfield>
   </marc:datafield>
   <marc:datafield ind1="1" ind2=" " tag="520">
      <marc:subfield code="a">Angaben aus der Verlagsmeldung

K-Häftlinge im KZ-Mauthausen und die 'Mühlviertler Hasenjagd' / von Matthias Kaltenbrunner

Die „Mühlviertler Hasenjagd“ – der Massenausbruch von etwa 500 sowjetischen Offizieren aus dem „Todesblock“ des KZ Mauthausen am 2. Februar 1945 – steht wie kaum ein anderes Ereignis der Zeitgeschichte für die nationalsozialistische Vernichtungspolitik auf österreichischem Boden, ebenso wie für die Verstrickung der österreichischen Zivilbevölkerung in diese Verbrechen. Obgleich diese Geschichte, vor allem durch Andreas Grubers Film „Vor lauter Feigheit gibt es kein Erbarmen“, österreichweit und international präsent ist, war vor allem über die Opfer und die wenigen Überlebenden bisher kaum etwas bekannt.
Der vorliegende Band versucht, diese Lücke anhand umfangreicher Quellenbestände aus österreichischen, deutschen, russischen und ukrainischen Archiven und privaten Sammlungen zu schließen, analysiert die Hintergründe der „Mühlviertler Hasenjagd“ und zeichnet die Wege der Opfer nach Mauthausen nach – beginnend bei der Kreation der „Aktion Kugel“, durch welche widerständige sowjetische Offiziere ermordet werden sollten. Obwohl diese Häftlingsgruppe, insgesamt 5.040 Personen, nicht registriert wurde, konnten 560 der Opfer namentlich ermittelt werden. Für die Darstellung der inneren Verhältnisse im „Todesblock“ und die Organisation der Massenflucht sind die handschriftlichen Aufzeichnungen der acht bekannten Überlebenden die einzige Quelle. Ein Großteil dieser Aufzeichnungen wird hiermit zum ersten Mal publiziert. Der Band behandelt darüber hinaus auch die schwierige juristische, publizistische und künstlerische Auseinandersetzung mit diesen Ereignissen in der Sowjetunion und Österreich.
</marc:subfield>
   </marc:datafield>
   <marc:datafield ind1=" " ind2=" " tag="020">
      <marc:subfield code="a">9783706551755</marc:subfield>
      <marc:subfield code="9">9783706551755</marc:subfield>
   </marc:datafield>
   <marc:datafield ind1=" " ind2=" " tag="020">
      <marc:subfield code="a">3706551756</marc:subfield>
      <marc:subfield code="9">3706551756</marc:subfield>
   </marc:datafield>
   <marc:datafield ind1=" " ind2=" " tag="041">
      <marc:subfield code="a">ger</marc:subfield>
   </marc:datafield>
   <marc:datafield ind1=" " ind2=" " tag="300">
      <marc:subfield code="a">448 S.</marc:subfield>
   </marc:datafield>
</marc:record>
